[Event "1. ODEM U25 2004"]
[Site "Willingen GER"]
[Date "2004.05.30"]
[Round "2"]
[White "Fink, Leander"]
[Black "Seifert, Volker"]
[Result "1/2-1/2"]
[Termination "normal"]
[Board "1"]
[BlackTitle "FM"]
[WhiteElo "1936"]
[BlackElo "2302"]
[PlyCount "58"]
[WhiteFideId "24605247"]
[BlackFideId "4658060"]
[EventCountry "GER"]
[EventRounds "9"]
[EventType "swiss"]
[EventDate "2004.05.29"]

1. Nf3 Nf6 2. g3 e6 3. Bg2 d5 4. O-O Be7 5. d3 O-O 6. Nbd2 c5 7. e4 Nc6 8. a4
b6 9. Re1 Bb7 10. e5 Nd7 11. Nf1 d4 12. h4 Nb4 13. N1h2 Rc8 14. Bd2 a5 15. b3
Rc7 16. Ng5 Bxg2 17. Kxg2 Qa8+ 18. Kg1 Qe8 19. Nhf3 Nd5 20. h5 h6 21. Nh3 f6
22. Nf4 Nxf4 23. Bxf4 f5 24. Nd2 Nb8 25. Nc4 Rc6 26. Bd2 Na6 27. f4 Nc7 28. Qf3
Nd5 29. Kf2 Qf7 1/2-1/2

[Event "1. ODEM U25 2004"]
[Site "Willingen GER"]
[Date "2004.05.30"]
[Round "2"]
[White "Seiler, Dirk"]
[Black "Kühner, Christian"]
[Result "0-1"]
[Termination "normal"]
[Board "3"]
[WhiteElo "1911"]
[BlackElo "2169"]
[PlyCount "98"]
[WhiteFideId "24603155"]
[BlackFideId "4679440"]
[EventCountry "GER"]
[EventRounds "9"]
[EventType "swiss"]
[EventDate "2004.05.29"]

1. d4 Nf6 2. c4 e6 3. Nc3 Bb4 4. Bg5 h6 5. Bh4 c5 6. d5 d6 7. f3 e5 8. e4 Bxc3+
9. bxc3 Nbd7 10. Bd3 Nf8 11. Ne2 Ng6 12. Bf2 Nh5 13. O-O Nhf4 14. Nxf4 Nxf4 15.
Be3 O-O 16. Qd2 Nxd3 17. Qxd3 f5 18. exf5 Bxf5 19. Qd2 Qf6 20. f4 exf4 21. Bxf4
Rae8 22. Bg3 Qg6 23. Rae1 Re4 24. Rxe4 Bxe4 25. Rxf8+ Kxf8 26. Qf4+ Ke7 27. Qe3
Qf5 28. h3 Kd7 29. Bh4 g5 30. Bf2 Bd3 31. h4 Bxc4 32. hxg5 hxg5 33. a3 Bxd5 34.
Qd2 Bc6 35. Be3 g4 36. Bf4 d5 37. Qe3 b6 38. Qg3 Kc8 39. Bb8 Qd7 40. Qe5 Kb7
41. Bd6 Qe8 42. Qg3 Qe4 43. Bb8 d4 44. Qc7+ Ka6 45. Qxa7+ Kb5 46. c4+ Kxc4 47.
Qf7+ Kc3 48. Qa2 Qxg2+ 49. Qxg2 Bxg2 0-1

[Event "1. ODEM U25 2004"]
[Site "Willingen GER"]
[Date "2004.05.30"]
[Round "2"]
[White "Nazarenus, Moritz"]
[Black "Kalla, Christian"]
[Result "1-0"]
[Termination "normal"]
[Board "4"]
[WhiteElo "2143"]
[BlackElo "1910"]
[PlyCount "73"]
[WhiteFideId "4670540"]
[BlackFideId "24605760"]
[EventCountry "GER"]
[EventRounds "9"]
[EventType "swiss"]
[EventDate "2004.05.29"]

1. d4 Nf6 2. c4 g6 3. Nc3 d5 4. cxd5 Nxd5 5. e4 Nxc3 6. bxc3 Bg7 7. Be3 c5 8.
Qd2 Qa5 9. Nf3 Nc6 10. Rc1 O-O 11. d5 Rd8 12. Qb2 Ne5 13. Nxe5 Bxe5 14. Qd2 e6
15. c4 Qa3 16. f4 Bg7 17. Be2 exd5 18. cxd5 b6 19. O-O Bb7 20. f5 Qb2 21. fxg6
fxg6 22. Qxb2 Bxb2 23. Rb1 Be5 24. a4 Rf8 25. a5 Rxf1+ 26. Bxf1 Bc7 27. Bc4 Kg7
28. Bxc5 Rc8 29. Bd4+ Kh6 30. Be2 Re8 31. Bf3 Ba6 32. axb6 axb6 33. Bxb6 Bd3
34. Bxc7 Bxb1 35. d6 Bxe4 36. Bxe4 Rxe4 37. d7 1-0

[Event "1. ODEM U25 2004"]
[Site "Willingen GER"]
[Date "2004.05.30"]
[Round "2"]
[White "Rackisch, Daniel"]
[Black "Lantzsch, Christian"]
[Result "0-1"]
[Termination "normal"]
[Board "5"]
[WhiteElo "1859"]
[BlackElo "2095"]
[PlyCount "80"]
[WhiteFideId "24609323"]
[BlackFideId "4659821"]
[EventCountry "GER"]
[EventRounds "9"]
[EventType "swiss"]
[EventDate "2004.05.29"]

1. e4 c6 2. c4 g6 3. d4 Bg7 4. Nc3 d6 5. Be2 Nf6 6. Nf3 O-O 7. O-O Qc7 8. h3 e5
9. dxe5 dxe5 10. Qc2 Na6 11. Be3 b6 12. a3 Bb7 13. b4 Rac8 14. Rad1 Rfd8 15.
Rxd8+ Rxd8 16. Rd1 Rxd1+ 17. Qxd1 Nb8 18. c5 b5 19. Bd3 Nfd7 20. Bc2 Nf8 21.
Bb3 h6 22. Qd3 Bc8 23. Bd2 Ne6 24. Ne2 Kh7 25. Bc3 f6 26. g3 a5 27. Kg2 Bf8 28.
Nd2 Na6 29. f4 axb4 30. axb4 Naxc5 31. bxc5 Nxc5 32. Qc2 Qd7 33. Ng1 exf4 34.
gxf4 Nd3 35. Ndf3 Nxf4+ 36. Kf2 Bc5+ 37. Kf1 Nxh3 38. Nxh3 Qxh3+ 39. Qg2 b4 40.
Qxh3 Bxh3+ 0-1

[Event "1. ODEM U25 2004"]
[Site "Willingen GER"]
[Date "2004.05.30"]
[Round "2"]
[White "Poysti, Nathanael"]
[Black "Fuhrmann, Marc Andre"]
[Result "0-1"]
[Termination "normal"]
[Board "6"]
[WhiteElo "1910"]
[BlackElo "2059"]
[PlyCount "42"]
[BlackFideId "4696980"]
[EventCountry "GER"]
[EventRounds "9"]
[EventType "swiss"]
[EventDate "2004.05.29"]

1. d4 d5 2. Nf3 Nf6 3. c4 c6 4. Nc3 dxc4 5. a4 Bf5 6. e3 e6 7. Bxc4 Bb4 8. O-O
Nbd7 9. Qe2 Bg6 10. Rd1 O-O 11. Na2 Bd6 12. b4 Qe7 13. Bd2 e5 14. Kh1 Bh5 15.
dxe5 Nxe5 16. Bc3 Nxf3 17. gxf3 Ne4 18. Rxd6 Nxc3 19. Qd3 Bxf3+ 20. Kg1 Qg5+
21. Kf1 Be2+ 0-1

[Event "1. ODEM U25 2004"]
[Site "Willingen GER"]
[Date "2004.05.30"]
[Round "2"]
[White "Alic, Miran"]
[Black "Kiener, Georg"]
[Result "0-1"]
[Termination "normal"]
[Board "7"]
[WhiteElo "2052"]
[BlackElo "2008"]
[PlyCount "76"]
[WhiteFideId "24605425"]
[EventCountry "GER"]
[EventRounds "9"]
[EventType "swiss"]
[EventDate "2004.05.29"]

1. e4 c5 2. Nc3 Nc6 3. f4 g6 4. Nf3 Bg7 5. g3 d6 6. Bg2 e6 7. O-O Nge7 8. d3
O-O 9. Rb1 Rb8 10. Ne2 Qa5 11. a3 b5 12. Kh1 Ba6 13. Rg1 Qc7 14. Qe1 b4 15. b3
bxa3 16. Bxa3 Nb4 17. Bxb4 cxb4 18. Qd2 Rfc8 19. Ne1 Nc6 20. Bf3 Nd4 21. Nxd4
Bxd4 22. Rg2 Qb6 23. h4 Rc7 24. h5 Bc3 25. Qe2 Rbc8 26. hxg6 hxg6 27. f5 Kg7
28. Bg4 Bxe1 29. Qxe1 gxf5 30. Bd1 Rh8+ 31. Rh2 Rcc8 32. Qd2 Rxh2+ 33. Kxh2
fxe4 34. dxe4 Qc5 35. Rc1 Bf1 36. Bh5 Qxh5+ 37. Kg1 Bb5 38. Qxb4 Qc5+ 0-1

[Event "1. ODEM U25 2004"]
[Site "Willingen GER"]
[Date "2004.05.30"]
[Round "2"]
[White "Siebarth, Marco"]
[Black "Zayadeh, Raphael"]
[Result "1/2-1/2"]
[Termination "normal"]
[Board "8"]
[WhiteElo "2027"]
[BlackElo "1906"]
[PlyCount "48"]
[WhiteFideId "24604330"]
[EventCountry "GER"]
[EventRounds "9"]
[EventType "swiss"]
[EventDate "2004.05.29"]

1. Nc3 c5 2. e4 e6 3. f4 d5 4. e5 Ne7 5. Nf3 a6 6. d4 Nec6 7. Be3 Nd7 8. dxc5
Nxc5 9. Nd4 Qc7 10. Be2 b5 11. Bf3 Bb7 12. Qd2 Nxd4 13. Bxd4 b4 14. Ne2 Ne4 15.
Bxe4 dxe4 16. c3 bxc3 17. Qxc3 Qxc3+ 18. Nxc3 O-O-O 19. O-O-O Bb4 20. Bb6 Rd3
21. Rxd3 exd3 22. Rd1 Bxc3 23. bxc3 Bxg2 24. Rxd3 Bd5 1/2-1/2

[Event "1. ODEM U25 2004"]
[Site "Willingen GER"]
[Date "2004.05.30"]
[Round "2"]
[White "Beckmann, Emanuel"]
[Black "Dahmen, Christoph"]
[Result "0-1"]
[Termination "normal"]
[Board "9"]
[WhiteElo "1868"]
[BlackElo "2023"]
[PlyCount "52"]
[WhiteFideId "24608025"]
[BlackFideId "4692160"]
[EventCountry "GER"]
[EventRounds "9"]
[EventType "swiss"]
[EventDate "2004.05.29"]

1. e4 c5 2. Nc3 Nc6 3. Nf3 g6 4. Bb5 Bg7 5. Bxc6 bxc6 6. O-O d5 7. d3 Nf6 8.
Na4 Qa5 9. c4 dxe4 10. dxe4 Nxe4 11. Re1 Bf5 12. h3 O-O 13. g4 Rfd8 14. Qb3
Rab8 15. Qa3 Nxf2 16. Kxf2 Rd3 17. Qxc5 Rxf3+ 18. Kxf3 Qxe1 19. gxf5 Qd1+ 20.
Kg3 Qxa4 21. Qxe7 Qxc4 22. f6 Bf8 23. Qxa7 Rd8 24. Be3 Qe2 25. Rc1 Rd3 26. Rc3
Bd6+ 0-1

[Event "1. ODEM U25 2004"]
[Site "Willingen GER"]
[Date "2004.05.30"]
[Round "2"]
[White "Kuhn, Ulf"]
[Black "Lipok, Christoph"]
[Result "1-0"]
[Termination "normal"]
[Board "10"]
[WhiteElo "2013"]
[BlackElo "1824"]
[PlyCount "69"]
[WhiteFideId "4693604"]
[BlackFideId "24620220"]
[EventCountry "GER"]
[EventRounds "9"]
[EventType "swiss"]
[EventDate "2004.05.29"]

1. f4 e5 2. fxe5 d6 3. exd6 Bxd6 4. Nf3 g5 5. d4 g4 6. Ng5 f5 7. e4 h6 8. e5
Be7 9. Nh3 gxh3 10. Qh5+ Kf8 11. Bc4 Qe8 12. Qxh3 Qg6 13. O-O Ke8 14. Nc3 c6
15. Ne2 Bg5 16. Bxg5 Qxg5 17. Nf4 Ne7 18. Rae1 Na6 19. Nh5 Nc7 20. Nf6+ Kd8 21.
Qb3 Ne8 22. Nxe8 Rxe8 23. d5 f4 24. Qb4 Nf5 25. dxc6 bxc6 26. e6 Kc7 27. Re5
Rg8 28. Qa5+ Kb8 29. Rf2 f3 30. Rxf5 Qc1+ 31. Bf1 Rxg2+ 32. Rxg2 fxg2 33. Qe5+
Kb7 34. Rf7+ Kb6 35. Qd4+ 1-0

[Event "1. ODEM U25 2004"]
[Site "Willingen GER"]
[Date "2004.05.30"]
[Round "2"]
[White "Heigermoser, Robert"]
[Black "Hirneise, Tobias"]
[Result "0-1"]
[Termination "normal"]
[Board "11"]
[WhiteElo "1770"]
[BlackElo "1960"]
[PlyCount "32"]
[WhiteFideId "24619132"]
[BlackFideId "24600881"]
[EventCountry "GER"]
[EventRounds "9"]
[EventType "swiss"]
[EventDate "2004.05.29"]

1. d4 Nf6 2. c4 g6 3. Nc3 Bg7 4. e4 d6 5. Nf3 O-O 6. Be2 e5 7. O-O Nc6 8. d5
Ne7 9. b4 Nh5 10. Re1 f5 11. Ng5 Nf6 12. f3 a5 13. Ba3 h6 14. Ne6 Bxe6 15. dxe6
axb4 16. Bxb4 c5 0-1

[Event "1. ODEM U25 2004"]
[Site "Willingen GER"]
[Date "2004.05.30"]
[Round "2"]
[White "Zikeli, Julia"]
[Black "Swalve, Tilko"]
[Result "0-1"]
[Termination "normal"]
[Board "12"]
[WhiteElo "1534"]
[BlackElo "1282"]
[PlyCount "94"]
[WhiteFideId "24622753"]
[EventCountry "GER"]
[EventRounds "9"]
[EventType "swiss"]
[EventDate "2004.05.29"]

1. e4 c5 2. Nf3 d6 3. d4 cxd4 4. Nxd4 Nf6 5. Nc3 a6 6. Bg5 Nbd7 7. f4 e6 8. Qf3
Qc7 9. Be2 Be7 10. O-O-O b5 11. a3 Bb7 12. Nb3 Rc8 13. Rd2 d5 14. exd5 Nxd5 15.
Bxe7 Nxf4 16. Bd6 Bxf3 17. Bxc7 Nxe2+ 18. Nxe2 Bxe2 19. Rxe2 Rxc7 20. Rd1 Ke7
21. Red2 Rhc8 22. Nd4 Ne5 23. Re2 f6 24. c3 Rd7 25. Kc2 Rd6 26. b3 g6 27. Rdd2
Nc6 28. Nxc6+ Rcxc6 29. Rxd6 Rxd6 30. Re4 g5 31. Re3 Kf7 32. c4 f5 33. c5 Rc6
34. b4 Kf6 35. Kb3 e5 36. Kc3 f4 37. Re4 Kf5 38. Kd3 h5 39. h3 g4 40. hxg4+
hxg4 41. Re2 Re6 42. Rf2 e4+ 43. Ke2 g3 44. Rf1 Kg4 45. Ke1 f3 46. gxf3+ exf3+
47. Kd2 g2 0-1

[Event "1. ODEM U25 2004"]
[Site "Willingen GER"]
[Date "2004.05.30"]
[Round "2"]
[White "Morgenstern, Petra"]
[Black "Rafiee, Makan"]
[Result "1-0"]
[Termination "normal"]
[Board "13"]
[WhiteElo "2062"]
[BlackElo "2028"]
[PlyCount "46"]
[WhiteFideId "4690710"]
[BlackFideId "24609340"]
[EventCountry "GER"]
[EventRounds "9"]
[EventType "swiss"]
[EventDate "2004.05.29"]

1. d4 c5 2. dxc5 e6 3. Nf3 Bxc5 4. e3 Nf6 5. Be2 O-O 6. O-O d5 7. Nbd2 Nc6 8.
Nb3 Bb6 9. Nbd4 Nxd4 10. exd4 Qe7 11. c3 Bc7 12. Bg5 b6 13. Bd3 a5 14. Qe2 Re8
15. Ne5 Bb7 16. Ng4 Qd6 17. Bxf6 gxf6 18. Nxf6+ Kg7 19. Nxe8+ Rxe8 20. Qg4+ Kf8
21. g3 e5 22. dxe5 Qxe5 23. Qd4 Qxd4 1-0

[Event "1. ODEM U25 2004"]
[Site "Willingen GER"]
[Date "2004.05.30"]
[Round "2"]
[White "Dorn, Matthias"]
[Black "Völschow, Toni"]
[Result "0-1"]
[Termination "normal"]
[Board "14"]
[WhiteElo "1762"]
[BlackElo "1571"]
[PlyCount "82"]
[WhiteFideId "24600695"]
[BlackFideId "24622591"]
[EventCountry "GER"]
[EventRounds "9"]
[EventType "swiss"]
[EventDate "2004.05.29"]

1. d4 d5 2. c4 c6 3. Nf3 Nf6 4. e3 e6 5. Nc3 dxc4 6. Bxc4 b5 7. Be2 a6 8. O-O
Nbd7 9. a3 c5 10. Re1 Bb7 11. Qc2 cxd4 12. exd4 Rc8 13. Bg5 Be7 14. Rad1 Nd5
15. Bxe7 Qxe7 16. Qe4 Nxc3 17. Qxb7 Rb8 18. Qc7 Nxd1 19. Ne5 Qd8 20. Qd6 Nxe5
21. Qxe5 Nxb2 22. Qxg7 Rf8 23. Bg4 Rb6 24. d5 Nd3 25. Rxe6+ Rxe6 26. dxe6 Qe7
27. exf7+ Rxf7 28. Qh8+ Qf8 29. Qd4 Nf4 30. Qe5+ Qe7 31. Qb8+ Qd8 32. Qe5+ Re7
33. Qh8+ Kf7 34. Qxh7+ Kf6 35. Qh6+ Ng6 36. h4 Qd4 37. Qg5+ Kf7 38. g3 Re1+ 39.
Kg2 Re5 40. Qc1 Qxg4 41. Qc7+ Re7 0-1

[Event "1. ODEM U25 2004"]
[Site "Willingen GER"]
[Date "2004.05.30"]
[Round "2"]
[White "Völz, Michael"]
[Black "Katte, Nicolas"]
[Result "0-1"]
[Termination "normal"]
[Board "15"]
[WhiteElo "1387"]
[BlackElo "1729"]
[PlyCount "82"]
[WhiteFideId "24640107"]
[BlackFideId "24614149"]
[EventCountry "GER"]
[EventRounds "9"]
[EventType "swiss"]
[EventDate "2004.05.29"]

1. e4 d6 2. d4 Nf6 3. Bd3 g6 4. Nf3 Bg7 5. Be3 c6 6. c3 b5 7. Nbd2 Nbd7 8. O-O
O-O 9. Qc2 Qc7 10. Rad1 a6 11. c4 bxc4 12. Bxc4 Bb7 13. Rc1 Nb6 14. Bb3 Rac8
15. Rfd1 Qb8 16. Qd3 Nfd7 17. Rc2 c5 18. d5 f5 19. Nc4 fxe4 20. Qxe4 Nxc4 21.
Bxc4 Nf6 22. Qe6+ Kh8 23. Ng5 h6 24. Nf7+ Kh7 25. Rd3 Rce8 26. Bxh6 Bxh6 27.
Rh3 Kg7 28. Nxh6 Bc8 29. Nf5+ gxf5 30. Rg3+ Ng4 31. Qe2 Kf7 32. h3 Nf6 33. Qe3
Rg8 34. Rxg8 Rxg8 35. Qh6 Qb4 36. Bb3 Qe1+ 37. Kh2 Qe5+ 38. Kg1 f4 39. Rc3 Qe1+
40. Kh2 Qxf2 41. Rc2 Rxg2+ 0-1

[Event "1. ODEM U25 2004"]
[Site "Willingen GER"]
[Date "2004.05.30"]
[Round "2"]
[White "Falke, Isaak"]
[Black "Jorczik, Andreas"]
[Result "1-0"]
[Termination "normal"]
[Board "16"]
[WhiteElo "1721"]
[BlackElo "1357"]
[PlyCount "113"]
[WhiteFideId "24614483"]
[BlackFideId "24634921"]
[EventCountry "GER"]
[EventRounds "9"]
[EventType "swiss"]
[EventDate "2004.05.29"]

1. e4 c5 2. c3 Nc6 3. d4 e6 4. Be3 Qb6 5. Qd2 d6 6. Na3 a6 7. Ne2 Qa7 8. g3 b5
9. Nc2 Nf6 10. Bg2 Bb7 11. O-O Be7 12. f4 Na5 13. e5 Bxg2 14. Kxg2 Ne4 15. Qd3
Qb7 16. Rf3 g5 17. fxg5 Bxg5 18. exd6 c4 19. Qd1 Bxe3 20. d7+ Ke7 21. Nxe3 Ng5
22. Ng1 Nxf3 23. Nxf3 Kxd7 24. Qe2 Qe4 25. Kg1 f6 26. Rf1 Rhg8 27. Nd2 Qg6 28.
d5 Rae8 29. Qg2 Qg5 30. Nc2 Qxd5 31. Ne4 Rgf8 32. Nxf6+ Rxf6 33. Rxf6 Qxg2+ 34.
Kxg2 Nc6 35. Rf4 Kd6 36. Kf3 Ne5+ 37. Ke3 Nd3 38. Rd4+ Kc5 39. b3 cxb3 40. axb3
e5 41. Rxd3 a5 42. b4+ axb4 43. Nxb4 Re6 44. Ke4 Re8 45. Rd5+ Kc4 46. Nc6 Kxc3
47. Rxb5 h5 48. Rxe5 Rh8 49. h4 Rh6 50. Ne7 Rh7 51. Kf5 Rg7 52. Ng6 Kd4 53. Kg5
Rxg6+ 54. Kxg6 Kxe5 55. Kxh5 Kf6 56. Kh6 Kf7 57. Kh7 1-0

[Event "1. ODEM U25 2004"]
[Site "Willingen GER"]
[Date "2004.05.30"]
[Round "2"]
[White "Demmler, Julia"]
[Black "Trippe, Fabian"]
[Result "1-0"]
[Termination "normal"]
[Board "17"]
[WhiteElo "1296"]
[BlackElo "1637"]
[PlyCount "89"]
[EventCountry "GER"]
[EventRounds "9"]
[EventType "swiss"]
[EventDate "2004.05.29"]

1. e4 b6 2. d4 Bb7 3. Nc3 e6 4. Bd3 Nf6 5. f4 d5 6. e5 Nfd7 7. Nce2 c5 8. c3
Nc6 9. Nf3 Be7 10. O-O Rc8 11. Be3 cxd4 12. cxd4 Na5 13. b3 O-O 14. Kh1 Nc6 15.
g4 f5 16. gxf5 exf5 17. Rg1 Qe8 18. Qf1 Nb4 19. Qg2 g6 20. Bb5 Nc2 21. Bd2 Nxa1
22. e6 Bc6 23. Bxc6 Rxc6 24. exd7 Qd8 25. Rxa1 Rc2 26. Nc3 Bb4 27. Nxd5 Bxd2
28. Nxd2 Qxd7 29. a3 Kg7 30. Rd1 Re8 31. Qf3 Qd6 32. Nc4 Qe6 33. Ne5 Rd8 34.
Nb4 Rb2 35. Qb7+ Kg8 36. Qc7 Qf6 37. Nbc6 Rf8 38. Ne7+ Kh8 39. Nd5 Qh4 40. Nf3
Qf2 41. Qe5+ Kg8 42. Ne7+ Kf7 43. Ng5+ Ke8 44. Nd5+ Kd7 45. Qc7+ 1-0

[Event "1. ODEM U25 2004"]
[Site "Willingen GER"]
[Date "2004.05.30"]
[Round "2"]
[White "Rashidian, Sagross"]
[Black "Schäfer, Simon"]
[Result "1-0"]
[Termination "normal"]
[Board "18"]
[WhiteElo "1626"]
[BlackElo "1255"]
[PlyCount "48"]
[EventCountry "GER"]
[EventRounds "9"]
[EventType "swiss"]
[EventDate "2004.05.29"]

1. e4 c5 2. Nf3 d6 3. d4 cxd4 4. Nxd4 Nf6 5. Nc3 Nc6 6. Be3 a6 7. Be2 e6 8. O-O
Be7 9. f4 e5 10. Nf5 Bxf5 11. exf5 Qc8 12. fxe5 dxe5 13. Na4 Qd8 14. Qe1 Nd4
15. Rd1 b5 16. c3 Nxe2+ 17. Qxe2 Qa5 18. Nb6 Rb8 19. b4 Qa3 20. Rfe1 Qxc3 21.
Bd4 Qxb4 22. Qxe5 O-O 23. Nd5 Qd6 24. Nxe7+ Kh8 1-0

[Event "1. ODEM U25 2004"]
[Site "Willingen GER"]
[Date "2004.05.30"]
[Round "2"]
[White "Jannes, Alexander"]
[Black "Häcker, Katrin"]
[Result "1-0"]
[Termination "normal"]
[Board "19"]
[WhiteElo "1567"]
[BlackElo "1140"]
[PlyCount "61"]
[WhiteFideId "4647955"]
[BlackFideId "24667986"]
[EventCountry "GER"]
[EventRounds "9"]
[EventType "swiss"]
[EventDate "2004.05.29"]

1. d4 d5 2. c4 Nf6 3. cxd5 Qxd5 4. Nc3 Qa5 5. Bd2 c6 6. e4 e5 7. dxe5 Qxe5 8.
Nf3 Qc7 9. Bc4 Bb4 10. O-O O-O 11. e5 Bxc3 12. Bxc3 Nd5 13. Bxd5 cxd5 14. Qxd5
Nc6 15. Rac1 Bf5 16. Nd4 Rad8 17. Qc5 Bg6 18. Bb4 Qxe5 19. Nxc6 Qxc5 20. Bxc5
bxc6 21. Bxf8 Kxf8 22. Rxc6 Rd2 23. Re1 f6 24. Rc8+ Kf7 25. Rc7+ Kf8 26. Rxa7
Rxb2 27. Rc1 Re2 28. h3 Bf7 29. Rcc7 Bxa2 30. Rc8+ Re8 31. Rxe8+ 1-0

[Event "1. ODEM U25 2004"]
[Site "Willingen GER"]
[Date "2004.05.30"]
[Round "2"]
[White "Dietzen, Thomas"]
[Black "Wild, Markus"]
[Result "1-0"]
[Termination "normal"]
[Board "20"]
[WhiteElo "1187"]
[BlackElo "1559"]
[PlyCount "63"]
[EventCountry "GER"]
[EventRounds "9"]
[EventType "swiss"]
[EventDate "2004.05.29"]

1. d4 d5 2. c4 e6 3. Nf3 c6 4. Nc3 dxc4 5. e3 b5 6. a4 Bb4 7. Bd2 Nf6 8. Ne5
Bxc3 9. Bxc3 Bb7 10. axb5 cxb5 11. b3 Nbd7 12. bxc4 bxc4 13. Nxc4 Nd5 14. Nd6+
Ke7 15. Ba5 Qb8 16. Nxb7 Qxb7 17. Ba6 Qc6 18. Qc1 Qd6 19. Qa3 Qxa3 20. Rxa3
Rhb8 21. Kd2 Rb2+ 22. Kd3 Rxf2 23. e4 N5b6 24. g3 Rf3+ 25. Ke2 Rxa3 26. Bb4+
Kf6 27. Bxa3 Rd8 28. e5+ Kg6 29. Bd3+ f5 30. exf6+ Kxf6 31. Rf1+ Kg5 32. Be7+
1-0

[Event "1. ODEM U25 2004"]
[Site "Willingen GER"]
[Date "2004.05.30"]
[Round "2"]
[White "Lebeda, Lukas"]
[Black "Jehle, Daniel"]
[Result "0-1"]
[Termination "normal"]
[Board "21"]
[WhiteElo "1135"]
[BlackElo "1526"]
[PlyCount "106"]
[EventCountry "GER"]
[EventRounds "9"]
[EventType "swiss"]
[EventDate "2004.05.29"]

1. d4 Nf6 2. c4 g6 3. e3 Bg7 4. Nc3 d6 5. Nf3 Bg4 6. g3 e5 7. dxe5 dxe5 8.
Qxd8+ Kxd8 9. Bg2 Nc6 10. Ng5 Ke7 11. O-O Rad8 12. b3 Rd7 13. Ba3+ Ke8 14. Nd5
h6 15. Nxf6+ Bxf6 16. Ne4 Be7 17. Bxe7 Rxe7 18. Nf6+ Kf8 19. Nxg4 f5 20. Bxc6
bxc6 21. Nxe5 Rxe5 22. Rfd1 Ke7 23. Rdc1 Rd8 24. a4 Rd7 25. b4 a5 26. b5 c5 27.
Rd1 Re6 28. Rxd7+ Kxd7 29. Rd1+ Rd6 30. Rxd6+ Kxd6 31. Kg2 Ke5 32. Kf3 g5 33.
Ke2 h5 34. Kd3 g4 35. Kd2 Ke4 36. Ke2 Ke5 37. Kd3 Kd6 38. e4 Ke5 39. exf5 Kxf5
40. Ke3 Ke5 41. f3 gxf3 42. Kxf3 Kd4 43. g4 hxg4+ 44. Kxg4 Kxc4 45. h4 Kb4 46.
h5 c4 47. h6 c3 48. h7 c2 49. h8=Q c1=Q 50. Qf8+ Kxa4 51. Qe8 Qc4+ 52. Kf3 Qxb5
53. Qe4+ Ka3 0-1

[Event "1. ODEM U25 2004"]
[Site "Willingen GER"]
[Date "2004.05.30"]
[Round "2"]
[White "Reinke, Martin"]
[Black "Frey, Steffen"]
[Result "1-0"]
[Termination "normal"]
[Board "22"]
[WhiteElo "1498"]
[BlackElo "971"]
[PlyCount "93"]
[WhiteFideId "4620518"]
[EventCountry "GER"]
[EventRounds "9"]
[EventType "swiss"]
[EventDate "2004.05.29"]

1. d4 d5 2. c4 e6 3. Nf3 Nf6 4. e3 Nc6 5. a3 Ne7 6. Nbd2 Ng6 7. b4 c6 8. c5 b6
9. Bd3 a5 10. Bb2 Nd7 11. O-O Qc7 12. Qc2 Be7 13. Bc3 axb4 14. axb4 Rb8 15. Ra2
Bb7 16. Rfa1 O-O 17. Ra7 Ra8 18. Nf1 Rfb8 19. e4 Rxa7 20. Rxa7 Ra8 21. Qa2 Qb8
22. Rxa8 Bxa8 23. Ng3 Nf4 24. Bc2 b5 25. Bd2 Nf6 26. Ne5 Ng6 27. Nxg6 fxg6 28.
h3 Bb7 29. e5 Ne8 30. Ne2 Nc7 31. Bd3 Bc8 32. Nf4 Bd7 33. Qc2 Qf8 34. g3 Qf7
35. h4 Kf8 36. h5 Qg8 37. hxg6 h6 38. Qa2 Ke8 39. Nh5 Kd8 40. f4 Be8 41. Qa7
Kd7 42. Qb8 Qf8 43. Qb7 Bd8 44. Kg2 Be7 45. Bxb5 Bd8 46. Qxc6+ Ke7 47. Qd6# 1-0

[Event "1. ODEM U25 2004"]
[Site "Willingen GER"]
[Date "2004.05.30"]
[Round "2"]
[White "Finkbeiner, Alina"]
[Black "Müer, Sebastian"]
[Result "0-1"]
[Termination "normal"]
[Board "23"]
[WhiteElo "904"]
[BlackElo "1465"]
[PlyCount "60"]
[EventCountry "GER"]
[EventRounds "9"]
[EventType "swiss"]
[EventDate "2004.05.29"]

1. e4 c5 2. Nf3 d6 3. Nc3 g6 4. Bc4 Bg7 5. d3 Nf6 6. O-O O-O 7. Bf4 Nc6 8. h3
a6 9. Qd2 e6 10. d4 b5 11. Bb3 c4 12. d5 exd5 13. exd5 Na5 14. Rfe1 cxb3 15.
axb3 Nb7 16. Ne4 Nxe4 17. Rxe4 Bf5 18. Re3 Rc8 19. c3 Nc5 20. b4 Nb3 21. Qd1
Nxa1 22. Qxa1 Qb6 23. Qa2 Rfe8 24. c4 bxc4 25. Nd2 Qxb4 26. Nf3 Rxe3 27. fxe3
Qxb2 28. Qxb2 Bxb2 29. Bxd6 c3 30. Bg3 c2 0-1

[Event "1. ODEM U25 2004"]
[Site "Willingen GER"]
[Date "2004.05.30"]
[Round "2"]
[White "Gahn, Juliane"]
[Black "Strohmann, Marcel"]
[Result "1/2-1/2"]
[Termination "normal"]
[Board "24"]
[WhiteElo "1433"]
[BlackElo "821"]
[PlyCount "111"]
[EventCountry "GER"]
[EventRounds "9"]
[EventType "swiss"]
[EventDate "2004.05.29"]

1. e4 c6 2. d4 d5 3. Nd2 e6 4. c3 Nd7 5. Bd3 c5 6. Ngf3 c4 7. Bc2 g6 8. O-O Bg7
9. Re1 Ne7 10. exd5 exd5 11. Qe2 Bf6 12. Nf1 O-O 13. Ng5 h6 14. Nh3 Kh7 15. Qh5
Bg7 16. Nf4 Nf6 17. Qf3 Bg4 18. Qe3 Nf5 19. Qd2 Re8 20. Rxe8 Qxe8 21. h3 Bh5
22. Nxh5 Nxh5 23. g4 Nh4 24. Qd1 Nf6 25. g5 Ne4 26. Qg4 Nf5 27. f3 Ned6 28. Bd2
h5 29. Qg2 Nh4 30. Qf2 Ndf5 31. Bf4 f6 32. Rc1 Qe7 33. Re1 Qxe1 34. Qxe1 Nxf3+
35. Kf2 Nxe1 36. Kxe1 Re8+ 37. Kd2 fxg5 38. Bxg5 Bh6 39. Bxh6 Kxh6 40. Bd1 Nd6
41. Ne3 Ne4+ 42. Ke1 Ng5 43. Kd2 Nxh3 44. Nxd5 Ng5 45. Be2 Ne4+ 46. Kd1 Nd6 47.
Nf6 Re6 48. Nd7 Nf5 49. Ne5 g5 50. Kd2 Nd6 51. Ke3 Nf7 52. Bxc4 Nxe5 53. Bxe6
Nc6 54. Bc8 b6 55. d5 Ne7 56. Be6 1/2-1/2